Unkarin naapurimaat - Statistics

Yleistilastot
  • Tätä visaa on pelattu 1 824 kertaa
  • Keskiarvotulos 7 / 7
Vastaukset kartalla
Vastauksille on annettu kartalla punavihreä väri sen mukaan, kuinka moni on saanut sen oikein.
 
Vastaustilastot
Valtio % Oikein
Slovakia
96%
Romania
95%
Slovenia
95%
Ukraina
95%
Itävalta
94%
Kroatia
92%
Serbia
92%
Ehtoja vastaavia visoja ei löytynyt
Tulosjakauma
Jokaisen tuloksen saaneiden osuus
Persentiili vastausten määrän mukaan
Tuloshistoriasi
Et ole pelannut tätä visaa